Statistics for Airlines by City Airports

Click here to take the quiz!

General Stats

  • This quiz has been taken 101 times
  • The average score is 72 of 119

Answer Stats

City AirportAnswer% Correct
Toronto PearsonAir Canada
95%
FrankfurtLufthansa
88%
Moscow SheremetyevoAeroflot
87%
London HeathrowBritish Airways
87%
Tel AvivEl Al
86%
DubaiEmirates
86%
MadridIberia
85%
AmsterdamKLM
85%
DohaQatar Airways
85%
BeijingAir China
83%
Rome FiumicinoAlitalia
83%
SydneyQANTAS
83%
Istanbul AtaturkTurkish Airlines
83%
Paris Charles de GaulleAir France
82%
New DelhiAir India
82%
Abu DhabiEtihad
82%
HelsinkiFinnair
82%
HonoluluHawaiian Airlines
82%
Chicago/New York/Denver/GuamUnited Airlines
82%
Hong KongCathay Pacific
81%
ReykjavikIcelandair
81%
SantiagoLATAM
81%
DublinRyanair
81%
Stockholm/Oslo/CopenhagenSAS
81%
ViennaAustrian Airlines
79%
AtlantaDelta Airlines
79%
Tokyo NaritaJapan Airlines
79%
ZurichSwissair
79%
Mexico CityAeroMexico
78%
SingaporeSingapore Airlines
78%
Seoul IncheonKorean Air
77%
LisbonTAP
77%
BogotaAvianca
76%
BrusselsBrussels Airlines
76%
CairoEgyptair
74%
Addis AbabaEthiopian Airlines
74%
Bangkok SuvarnabhumiThai Airways
74%
AucklandAir New Zealand
73%
SeattleAlaska Airlines
73%
London HeathrowVirgin Atlantic
73%
JeddahSaudia
72%
London LutoneasyJet
71%
Ho Chi Minh CityVietnam Airlines
71%
TaipeiChina Airlines
69%
Tokyo HanedaAll Nippon Airways
68%
MuscatOmanair
68%
JohannesburgSouth African Airways
68%
AthensAegean Airlines
67%
BelgradeAir Serbia
67%
GuangzhouChina Southern Airlines
67%
JakartaGaruda Indonesia
67%
Kuala LumpurMalaysia Airlines
67%
Toronto PearsonWestJet
67%
Seoul IncheonAsiana
65%
ShanghaiChina Eastern Airlines
65%
NairobiKenya Airways
64%
Kuala LumpurAir Asia
63%
ValletaAir Malta
63%
TaipeiEVA Air
63%
BahrainGulf Air
63%
WarsawLOT Polish Airlines
63%
SydneyVirgin Australia
63%
Bueno AiresAerolineas Argentinas
62%
Rio de JaneiroGOL
62%
TehranIran Air
62%
Kuwait CityKuwait Airways
62%
LuxembourgLuxair
60%
ManilaPhilippine Airlines
60%
PragueCzech Airlines
59%
CasablancaRoyal Air Maroc
59%
ColomboSri Lankan Airlines
59%
BudapestWizz Air
59%
CebuCebu Pacific
58%
Barcelona El PratVueling
56%
NadiFiji Airways
55%
IslamabadPakistan International Airlines
55%
BucharestTarom
55%
ReykjavikWow Air
55%
AlgiersAir Algerie
54%
Port LouisAir Mauritius
54%
ZagrebCroatia Airlines
54%
Hong KongHong Kong Airlines
54%
Melbourne TullamarineJetstar Australia
53%
TunisTunisair
53%
AntananarivoAir Madagascar
51%
KievUkraine International Airlines
51%
PyongyangAir Koryo
50%
DakarAir Senegal
50%
Mumbai/BombayJet Airways
50%
Bandar Seri BegawanRoyal Brunei Airlines
50%
SingaporeScoot
49%
MinskBelavia
47%
New DelhiIndiGo
47%
Moscow DomodedovoS7 Airlines
47%
PapeeteAir Tahiti Nui
46%
HaikouHainan Airlines
46%
Dar es SalaamAir Tanzania
45%
VictoriaAir Seychelles
44%
TbilisiGeorgian Airways
40%
LjubljanaAdria Airways
38%
Hong KongCathay Dragon
38%
Port VilaAir Vanuatu
37%
ThimphuDrukair
36%
SharjahAir Arabia
35%
Munich/VeronaAir Dolomiti
35%
ShenzhenShenzhen Airlines
35%
Port MoresbyAir Niugini
32%
Seoul GimpoJeju Air
31%
Ulaan BataarMIAT Mongolian Airlines
31%
Bangkok Don MueangThai Air Asia
28%
HoniaraSolomon Airlines
27%
Busan GimhaeAir Busan
24%
ChongqingChongqing Airlines
23%
AmmanRoyal Air Jordanian
23%
Osaka KansaiPeach Aviation
22%
LimaPeruvian Airlines
21%
AstanaSCAT
19%
VladivostokAurora Airlines
18%
Seoul GimpoEastar Airlines
17%

Score Distribution

Percentile by Number Answered

Percent of People with Each Score

Your Score History

You have not taken this quiz